Stanovení ceny výrobku

Proces rozhodovania o výške ceny výrobkov. Formulácia zámerov cenovej politiky. Cenové stratégie. Cenová a necenová konkurencia. Význam zisťovania dopytu a nákladov. Rozbor správania sa konkurencie v oblasti cien. Výber metódy stanovenia ceny.

Salvato in:
Dettagli Bibliografici
Autore principale: Synek, Miloslav
Natura: Capitolo di libro
Lingua:ceco
Soggetti:
Tags: Aggiungi Tag
Nessun Tag, puoi essere il primo ad aggiungerne!!

MARC

LEADER 00000naa a2200000 4500
001 r030406
005 20230920094637.8
041 0 |a cze 
044 |a CZ 
245 1 0 |a Stanovení ceny výrobku  |c Miloslav Synek 
520 |a Proces rozhodovania o výške ceny výrobkov. Formulácia zámerov cenovej politiky. Cenové stratégie. Cenová a necenová konkurencia. Význam zisťovania dopytu a nákladov. Rozbor správania sa konkurencie v oblasti cien. Výber metódy stanovenia ceny. 
610 2 0 |a hospodárstvo podnikové 
610 2 0 |a marketing 
610 2 0 |a ceny 
610 2 0 |a politika cenová 
610 2 0 |a stratégia marketingová 
610 2 0 |a dopyt 
610 2 0 |a náklady 
610 2 0 |a náklady a ceny 
610 2 0 |a konkurencia 
100 1 |a Synek, Miloslav